banner-ar

حمص منذ الفتح العربى الاسلامى حتى نهاية العصر الاموى / (Record no. 61684)

MARC details
000 -الفاتح
حقل البيانات ثابتة الطول 00899nam a22002297a 4500
005 - وقت وتاريخ اخر تعامل مع التسجيلة
رقم الضبط 20240530110511.0
008 - عناصر البيانات ثابتة الطول - معلومات عامة
حقل البيانات ثابتة الطول 151205s2010 su ba g 000 0 ara d
040 ## - مصدر الفهرسة
وكالة الفهرسة الأصلية EG-CaGPL
082 04 - رقم تصنيف ديوى العشرى
رقم الطبعة 21
رقم التصنيف 953.073\
رقم المادة م ح
100 0# - المدخل الرئيسى - إسم شخصى
الإسم الشخصى مهند نايف مصطفى الدعجة .
245 10 - بيان العنوان
العنوان حمص منذ الفتح العربى الاسلامى حتى نهاية العصر الاموى /
بيان المسئوليه,etc تاليف مهند نايف مصطفى الدعجة .
250 ## - بيان الطبعة
بيان الطبعة ط1.
260 ## - PUBLICATION, DISTRIBUTION, ETC. (IMPRINT)
تاريخ النشر أو التوزيع 2010 .
300 ## - الوصف المادى
التعداد 464 ص ؛
أبعاد الوعاء 24 سم .
651 04 - المدخل الاضافى بالموضوع - اسم جغرافى
الاسم الجغرافي حمص
التقسيم الفرعي العام تاريخ
التقسيم الفرعي الزمني الفتح الاسلامى .
651 04 - المدخل الاضافى بالموضوع - اسم جغرافى
الاسم الجغرافي حمص
التقسيم الفرعي العام الاحوال السياسية .
651 04 - المدخل الاضافى بالموضوع - اسم جغرافى
الاسم الجغرافي حمص
التقسيم الفرعي العام تاريخ .
651 04 - المدخل الاضافى بالموضوع - اسم جغرافى
الاسم الجغرافي حمص
التقسيم الفرعي العام جغرافيا .
651 04 - المدخل الاضافى بالموضوع - اسم جغرافى
الاسم الجغرافي حمص
التقسيم الفرعي العام تاريخ
التقسيم الفرعي الزمني العصر الاموى .
942 ## - عناصر المدخل الإضافي( كوها)
مصدر التصنيف او مخطط الترفيف Dewey Decimal Classification
Koha [default] item type كتاب
260 ## - PUBLICATION, DISTRIBUTION, ETC. (IMPRINT)
-- دمشق :
-- دار مؤسسة رسلان ،
Holdings
حالة التراجع حالة الفقد حالة تلف ليس للاعارة المكان المؤقت الموقع الحالى تاريخ الاكتساب اجمالي اﻻعارات رقم الطلب الباركود تاريخ اخر مشاهدة تاريخ تفعيل السعر نوع وعاء كوها
        مكتبة القاهرة الكبرى مكتبة القاهرة الكبرى 12/05/2015   953.073\ م ح 161032 12/05/2015 12/05/2015 كتاب

Powered By

EGPV